000 00789nam a2200253Ia 4500
003 OSt
005 20220925224918.0
006 a|||||r|||| 00| 0
007 ta
008 220923b |||||||| |||| 00| 0 eng d
020 _a0415166446
037 _cGeneral Book
040 _aRTL
_cRTL
_beng
041 _2eng
_aeng
082 _aU47:(G:55), N9
100 _aPitt David Ed.
_9291680
245 0 _aBiosphere and Noosphere reader
_b Global environment , society and change
260 _aLondon
_bRoutledge Published
_c1999
300 _axvi,206p Bibliography: P 189-95
_ccm.
650 _aHuman Geography
_91464
700 _a Samson Paul R Ed
_9291681
942 _hU47:(G:55), N9
_cGB
_2CC
999 _c582569
_d582569